000 00180 a2200097 4500
020 _a9780802775696
041 _aeng
100 _aLinda Vieira
245 _aGrand canyon
942 _cBK
999 _c9604
_d9604